[Event "Madrid-ch Semifinal B"]
[Site "Madrid ESP"]
[Date "2016.03.05"]
[Round "3.3"]
[White "Vallejo Nuño, Jorge"]
[Black "Gonzalez Rivera, Eduardo"]
[Result "1-0"]
[WhiteElo "2126"]
[BlackElo "2047"]
[PlyCount "71"]
[EventDate "2016.03.03"]
[EventType "swiss"]
[EventRounds "9"]
[EventCountry "ESP"]
[Source "lmi"]
[SourceDate "2016.03.03"]

1. e4 e5 2. Nf3 Nc6 3. d4 exd4 4. Nxd4 Nf6 5. Nxc6 bxc6 6. e5 Qe7 7. Qe2 Nd5 8.
c4 Nb6 9. b3 g6 10. g3 Bg7 11. Bb2 O-O 12. Bg2 Re8 13. f4 d5 14. Nc3 Be6 15.
cxd5 cxd5 16. O-O Red8 17. Nb5 Qd7 18. Rac1 c6 19. Nd4 Rac8 20. Ba3 Bf8 21.
Bxf8 Rxf8 22. Rc5 Qe7 23. Rfc1 Nc4 24. Nxe6 fxe6 25. Qf2 Nxe5 26. Qd4 Nf7 27.
Rxc6 Qd7 28. Qc5 Rxc6 29. Qxc6 Qe7 30. Re1 Qa3 31. Qxe6 d4 32. f5 gxf5 33. Qxf5
Qb4 34. Rf1 Qb6 35. Bd5 d3+ 36. Kg2 1-0

[Event "Madrid-ch Semifinal B"]
[Site "Madrid ESP"]
[Date "2016.03.05"]
[Round "3.4"]
[White "Aguilera Lopez, Alejandro"]
[Black "Martinez Alvira, Santiago"]
[Result "1/2-1/2"]
[WhiteElo "2044"]
[BlackElo "1947"]
[PlyCount "185"]
[EventDate "2016.03.03"]
[EventType "swiss"]
[EventRounds "9"]
[EventCountry "ESP"]
[Source "lmi"]
[SourceDate "2016.03.03"]

1. d4 e6 2. Nf3 f5 3. c4 Nf6 4. Nc3 d5 5. Bf4 c6 6. e3 Be7 7. c5 O-O 8. b4 Ne4
9. Nxe4 fxe4 10. Ne5 Nd7 11. Be2 Bf6 12. Rc1 Bxe5 13. dxe5 b6 14. cxb6 Qxb6 15.
O-O Ba6 16. Bxa6 Qxa6 17. Qg4 Rf5 18. Qh4 Re8 19. g4 Rf7 20. Rc2 Qb5 21. Rfc1
Rc8 22. Qg5 Nb6 23. Rc5 Qa4 24. b5 Nc4 25. Rxc6 Rxc6 26. bxc6 Qxc6 27. h4 Qb6
28. Kg2 Rd7 29. Qh5 Rf7 30. Qg5 Rb7 31. h5 Qc7 32. h6 g6 33. Qf6 Qd7 34. Rc2 a5
35. Bg5 a4 36. f3 exf3+ 37. Kxf3 Qf7 38. Kg3 Qxf6 39. Bxf6 Kf7 40. Rf2 Ke8 41.
Bg7 Rf7 42. Rc2 Kd7 43. e4 Kc6 44. Rc3 Kc5 45. exd5 Kxd5 46. Rd3+ Ke4 47. Rd8
Nxe5 48. Bxe5 Kxe5 49. Ra8 Kf6 50. Rxa4 Kg5 51. Re4 Re7 52. Re2 Kxh6 53. Kf4
Ra7 54. g5+ Kg7 55. Rxe6 Rxa2 56. Re7+ Kg8 57. Rb7 Rf2+ 58. Kg4 Rf7 59. Rb4 Kf8
60. Re4 Re7 61. Rf4+ Ke8 62. Ra4 Kd7 63. Ra7+ Ke6 64. Ra6+ Kd5 65. Ra5+ Kc6 66.
Ra4 Kb5 67. Rf4 Rc7 68. Rf1 Rd7 69. Rb1+ Kc5 70. Rc1+ Kd5 71. Rd1+ Ke6 72. Re1+
Kf7 73. Rf1+ Kg7 74. Rf4 Rd1 75. Ra4 h5+ 76. gxh6+ Kxh6 77. Rb4 Rg1+ 78. Kh3
Kh5 79. Kh2 Rg4 80. Rb1 Kh4 81. Rc1 g5 82. Rb1 Ra4 83. Rc1 Ra2+ 84. Kg1 g4 85.
Rb1 Kh3 86. Rc1 g3 87. Rb1 Rg2+ 88. Kh1 Rf2 89. Kg1 Rg2+ 90. Kh1 Re2 91. Kg1
Re3 92. Ra1 Kg4 93. Rb1 1/2-1/2

[Event "Madrid-ch Semifinal B"]
[Site "Madrid ESP"]
[Date "2016.03.05"]
[Round "3.5"]
[White "Cuellar Gutierrez, Raul"]
[Black "Pindado Campos, Raul"]
[Result "0-1"]
[WhiteElo "1803"]
[BlackElo "2035"]
[PlyCount "84"]
[EventDate "2016.03.03"]
[EventType "swiss"]
[EventRounds "9"]
[EventCountry "ESP"]
[Source "lmi"]
[SourceDate "2016.03.03"]

1. e4 g6 2. d4 Bg7 3. Nc3 d6 4. Be3 Nf6 5. f3 O-O 6. Qd2 e5 7. O-O-O exd4 8.
Bxd4 Nc6 9. Be3 a6 10. Bh6 b5 11. Bxg7 Kxg7 12. h4 h5 13. Be2 Be6 14. Nd5 Bxd5
15. exd5 Ne7 16. g4 Rh8 17. Qd4 hxg4 18. fxg4 c5 19. dxc6 Nxc6 20. Qf4 d5 21.
Rh2 Ne4 22. Rf1 Ra7 23. Nf3 Qc7 24. Qe3 Ng3 25. Rd1 Qa5 26. Kb1 Re7 27. Qd3
Rhe8 28. Qxd5 Nb4 29. Qd4+ Kg8 30. a3 Nxc2 31. Kxc2 Nxe2 32. Qd2 Qa4+ 33. Kb1
Qxg4 34. Ng5 f6 35. Qd5+ Kg7 36. Qf3 Qa4 37. Rf1 Qd4 38. Nh3 Re3 39. Qb7+ R8e7
40. Qxa6 Rb3 41. Rxe2 Rxe2 42. Qb7+ Kh6 0-1

[Event "Madrid-ch Semifinal B"]
[Site "Madrid ESP"]
[Date "2016.03.05"]
[Round "3.6"]
[White "Leniz Martinez, Francisco"]
[Black "Ruiz Sanchez, Roberto"]
[Result "0-1"]
[WhiteElo "1698"]
[BlackElo "1982"]
[PlyCount "94"]
[EventDate "2016.03.03"]
[EventType "swiss"]
[EventRounds "9"]
[EventCountry "ESP"]
[Source "lmi"]
[SourceDate "2016.03.03"]

1. e4 c5 2. c3 Nf6 3. e5 Nd5 4. Nf3 Nc6 5. d4 cxd4 6. cxd4 e6 7. Bc4 Nb6 8. Be2
d6 9. O-O Qc7 10. Qc2 Nd5 11. Bb5 Bd7 12. a3 Nxe5 13. Qxc7 Nxf3+ 14. gxf3 Nxc7
15. Bxd7+ Kxd7 16. Nc3 Be7 17. Be3 d5 18. Rfd1 Rhc8 19. Rd2 Ne8 20. Bf4 Rc4 21.
h3 Rac8 22. Kg2 g6 23. Be5 a6 24. Ne2 Bd8 25. b3 Rc2 26. Ra2 Rxa2 27. Rxa2 Rc6
28. Bf4 Ng7 29. Be3 Nf5 30. Bd2 Bc7 31. f4 Bb6 32. Be3 Rc8 33. Rb2 f6 34. Rd2
Nd6 35. a4 Ne4 36. Rb2 Nc3 37. Nxc3 Rxc3 38. Kf1 e5 39. Bd2 Rxh3 40. dxe5 fxe5
41. Kg2 Rd3 42. Be1 e4 43. Rd2 Rxd2 44. Bxd2 Ke6 45. Kg3 Bd4 46. Ba5 Kf5 47.
Bd2 Bb2 0-1

[Event "Madrid-ch Semifinal B"]
[Site "Madrid ESP"]
[Date "2016.03.05"]
[Round "3.7"]
[White "Vukotic Jovsic, Dragan"]
[Black "Morera Rodriguez, Ignacio"]
[Result "0-1"]
[WhiteElo "1977"]
[BlackElo "1901"]
[PlyCount "76"]
[EventDate "2016.03.03"]
[EventType "swiss"]
[EventRounds "9"]
[EventCountry "ESP"]
[Source "lmi"]
[SourceDate "2016.03.03"]

1. d4 Nf6 2. Nf3 g6 3. Bf4 Bg7 4. e3 O-O 5. Be2 d6 6. O-O c5 7. c3 b6 8. Nbd2
Bb7 9. h3 Nbd7 10. Re1 Re8 11. Qb3 e5 12. Bg3 e4 13. Nh2 d5 14. a4 c4 15. Qa3
a6 16. b3 b5 17. axb5 axb5 18. Qb4 Qb6 19. bxc4 bxc4 20. Qxb6 Nxb6 21. Rab1
Nfd7 22. Bc7 Ra6 23. f3 exf3 24. Bxf3 Rc8 25. Nxc4 Rxc7 26. Nxb6 Rxb6 27. Rxb6
Nxb6 28. Rb1 Nc4 29. Kf2 Bc6 30. Rb8+ Bf8 31. Ng4 Kg7 32. Rd8 Be7 33. Rb8 h5
34. Nh2 Bg5 35. Nf1 Bb7 36. g4 h4 37. Re8 Nd6 38. Re5 Bf6 0-1

[Event "Madrid-ch Semifinal B"]
[Site "Madrid ESP"]
[Date "2016.03.05"]
[Round "3.8"]
[White "Estevez Sacristan, Deva"]
[Black "Ocaña Lameiro, Oliver"]
[Result "0-1"]
[WhiteElo "1651"]
[BlackElo "1953"]
[PlyCount "114"]
[EventDate "2016.03.03"]
[EventType "swiss"]
[EventRounds "9"]
[EventCountry "ESP"]
[Source "lmi"]
[SourceDate "2016.03.03"]

1. e4 c6 2. d4 d5 3. Nc3 b5 4. exd5 b4 5. Nce2 cxd5 6. g3 Nf6 7. Bg2 Bf5 8. Nf3
e6 9. O-O Be7 10. Ne5 Ne4 11. f3 Nd6 12. g4 Bg6 13. c3 Qb6 14. cxb4 Qxb4 15. a3
Qb7 16. Qa4+ Qb5 17. Qxb5+ Nxb5 18. Bf4 Nd7 19. Rac1 Nxe5 20. dxe5 Kd7 21. a4
Bd3 22. Rfe1 Bxe2 23. Rxe2 Nd4 24. Re3 Rhb8 25. Bf1 Rxb2 26. Rec3 Bd8 27. Rd1
Bb6 28. Kh1 Ne2 29. Bxe2 Rxe2 30. Ra3 Rc8 31. a5 Bf2 32. Rb3 Re1+ 33. Rxe1 Bxe1
34. Ra3 a6 35. Be3 Rc3 36. Rxc3 Bxc3 37. Bb6 Bxe5 38. Kg2 Bc7 39. Bd4 e5 40.
Bc3 d4 41. Bb4 Kc6 42. Kf2 Kb5 43. Bf8 Kxa5 44. Bxg7 Kb4 45. Ke2 Kb3 46. Kd3 a5
47. f4 a4 48. fxe5 Bb6 49. Bf8 a3 50. Bxa3 Kxa3 51. h4 Kb4 52. g5 Kc5 53. h5
Bd8 54. g6 fxg6 55. hxg6 hxg6 56. e6 g5 57. Ke4 Kc4 0-1

[Event "Madrid-ch Semifinal B"]
[Site "Madrid ESP"]
[Date "2016.03.05"]
[Round "3.9"]
[White "Perez de Aranda, Leonardo Ivan"]
[Black "Zhou, Lulu"]
[Result "1-0"]
[WhiteElo "2082"]
[BlackElo "1522"]
[PlyCount "87"]
[EventDate "2016.03.03"]
[EventType "swiss"]
[EventRounds "9"]
[EventCountry "ESP"]
[Source "lmi"]
[SourceDate "2016.03.03"]

1. b3 e5 2. Bb2 d6 3. e4 Nf6 4. d3 Be7 5. g3 O-O 6. Bg2 Nc6 7. Ne2 Be6 8. c4
Re8 9. O-O Qd7 10. d4 Nxd4 11. Nxd4 exd4 12. Qxd4 Bh3 13. Nc3 Bxg2 14. Kxg2 Bf8
15. Rad1 Qc6 16. f3 a6 17. Rd2 Rad8 18. Nd1 Rd7 19. Qd3 Re6 20. Ne3 g6 21. Nd5
Bg7 22. h4 b6 23. Rh1 Qb7 24. Nf4 Ree7 25. h5 Qa8 26. h6 Bh8 27. Bxf6 Bxf6 28.
Nd5 Re6 29. Nxf6+ Rxf6 30. Qd4 Qd8 31. e5 c5 32. Qh4 Re6 33. Qxd8+ Rxd8 34.
Rhd1 Rxe5 35. Rxd6 Rxd6 36. Rxd6 Kf8 37. Rxb6 Re2+ 38. Kh3 Re6 39. Rxe6 fxe6
40. Kg4 e5 41. f4 e4 42. Kh3 Kf7 43. g4 Kf6 44. Kg3 1-0

[Event "Madrid-ch Semifinal B"]
[Site "Madrid ESP"]
[Date "2016.03.05"]
[Round "3.10"]
[White "Molina Garcia, Francisco Javier"]
[Black "Fernandez Rios, Jose Francisco"]
[Result "1-0"]
[WhiteElo "1907"]
[BlackElo "1776"]
[PlyCount "129"]
[EventDate "2016.03.03"]
[EventType "swiss"]
[EventRounds "9"]
[EventCountry "ESP"]
[Source "lmi"]
[SourceDate "2016.03.03"]

1. d4 Nf6 2. c4 e6 3. Nc3 Bb4 4. e3 b6 5. Bd3 Bb7 6. Nf3 O-O 7. O-O c5 8. a3
cxd4 9. exd4 Be7 10. d5 g6 11. Be2 exd5 12. cxd5 d6 13. Re1 Nbd7 14. Bf4 a6 15.
Bc4 Re8 16. Nd4 b5 17. Ba2 Nb6 18. Nc6 Bxc6 19. dxc6 Rc8 20. Qf3 Qc7 21. Bg5
Kg7 22. Ne4 Nfd5 23. Nc3 Nf6 24. Rac1 Nc4 25. h3 Ne5 26. Bxf6+ Bxf6 27. Qd5 Nc4
28. Bxc4 bxc4 29. Rxe8 Rxe8 30. Qxc4 Bxc3 31. Qxc3+ f6 32. Qc4 a5 33. b4 axb4
34. axb4 Re5 35. b5 Rc5 36. Qf1 Re5 37. Rb1 Qb6 38. Qc4 Rc5 39. Qa4 Rxc6 40.
bxc6 Qxb1+ 41. Kh2 Qb6 42. Qc2 Qc7 43. g3 Kf7 44. Qc4+ Ke7 45. Qg8 Qxc6 46.
Qxh7+ Ke6 47. Qxg6 Qf3 48. Qe8+ Kf5 49. Qe3 Qc6 50. h4 d5 51. Qf4+ Kg6 52. g4
Qe6 53. Kg3 Qe1 54. Qf5+ Kg7 55. Qd7+ Kh6 56. Qxd5 Qg1+ 57. Qg2 Qc1 58. Qf3
Qg1+ 59. Kh3 Qa1 60. Qf4+ Kg7 61. Qc7+ Kh6 62. Qf4+ Kg7 63. g5 Qh1+ 64. Kg4
Qg2+ 65. Kh5 1-0

[Event "Madrid-ch Semifinal B"]
[Site "Madrid ESP"]
[Date "2016.03.11"]
[Round "4.1"]
[White "Quispe Arteaga, Gabriel"]
[Black "Ramos del Campo, Alexander"]
[Result "1/2-1/2"]
[WhiteElo "2059"]
[BlackElo "2091"]
[PlyCount "24"]
[EventDate "2016.03.03"]
[EventType "swiss"]
[EventRounds "9"]
[EventCountry "ESP"]
[Source "lmi"]
[SourceDate "2016.03.03"]

1. d4 f5 2. Nf3 Nf6 3. c4 g6 4. g3 Bg7 5. Bg2 O-O 6. O-O d6 7. Nc3 c6 8. Qc2
Na6 9. a3 Qe8 10. b3 e5 11. Rd1 e4 12. Ne1 Bd7 1/2-1/2

[Event "Madrid-ch Semifinal B"]
[Site "Madrid ESP"]
[Date "2016.03.11"]
[Round "4.2"]
[White "Ruiz Sanchez, Roberto"]
[Black "Vallejo Nuño, Jorge"]
[Result "1/2-1/2"]
[WhiteElo "1982"]
[BlackElo "2126"]
[PlyCount "53"]
[EventDate "2016.03.03"]
[EventType "swiss"]
[EventRounds "9"]
[EventCountry "ESP"]
[Source "lmi"]
[SourceDate "2016.03.03"]

1. e4 Nf6 2. e5 Nd5 3. d4 d6 4. Nf3 g6 5. Be2 Bg7 6. O-O O-O 7. Re1 dxe5 8.
Nxe5 c5 9. Bf3 cxd4 10. Qxd4 e6 11. Na3 Nd7 12. Nac4 b5 13. Bxd5 exd5 14. Qxd5
Nxe5 15. Qxa8 Nxc4 16. Qxa7 Qd5 17. Qe7 Nxb2 18. Rb1 Qxa2 19. Bg5 Qd5 20. Bf6
Bb7 21. f3 Na4 22. Bxg7 Kxg7 23. Red1 Qc5+ 24. Qxc5 Nxc5 25. Rxb5 Rc8 26. Ra1
Ba6 27. Rxc5 1/2-1/2

[Event "Madrid-ch Semifinal B"]
[Site "Madrid ESP"]
[Date "2016.03.11"]
[Round "4.3"]
[White "Pindado Campos, Raul"]
[Black "Ocaña Lameiro, Oliver"]
[Result "1/2-1/2"]
[WhiteElo "2035"]
[BlackElo "1953"]
[PlyCount "72"]
[EventDate "2016.03.03"]
[EventType "swiss"]
[EventRounds "9"]
[EventCountry "ESP"]
[Source "lmi"]
[SourceDate "2016.03.03"]

1. d4 Nf6 2. c4 e6 3. Nc3 d5 4. cxd5 exd5 5. Nf3 Be7 6. Bf4 O-O 7. e3 c6 8. Qc2
Bg4 9. Ne5 Bh5 10. Bd3 Nbd7 11. O-O Bg6 12. Nxg6 hxg6 13. Rab1 Nb6 14. Qe2 Bd6
15. Bxd6 Qxd6 16. b4 Rfe8 17. Rfc1 a6 18. a4 Ne4 19. Bxe4 dxe4 20. b5 cxb5 21.
axb5 a5 22. Qc2 Qe6 23. Na4 Nxa4 24. Qxa4 Rec8 25. Rxc8+ Qxc8 26. b6 Ra6 27. h3
Qd8 28. Rc1 Rxb6 29. Qxa5 Qd6 30. Rc8+ Kh7 31. Rc1 Rb2 32. Qg5 Qf6 33. Qxf6
gxf6 34. d5 Kg7 35. d6 Rd2 36. Rb1 Rxd6 1/2-1/2

[Event "Madrid-ch Semifinal B"]
[Site "Madrid ESP"]
[Date "2016.03.11"]
[Round "4.4"]
[White "Rojas Pozo, Jose Luis"]
[Black "Cruz Gonzalez, Antonio"]
[Result "1/2-1/2"]
[WhiteElo "2017"]
[BlackElo "1709"]
[PlyCount "66"]
[EventDate "2016.03.03"]
[EventType "swiss"]
[EventRounds "9"]
[EventCountry "ESP"]
[Source "lmi"]
[SourceDate "2016.03.03"]

1. d4 Nf6 2. Nf3 g6 3. Bf4 d6 4. c4 Bg7 5. Nc3 O-O 6. e4 Nh5 7. Be3 Nd7 8. Be2
Nhf6 9. Qd2 Ng4 10. Bg5 f6 11. Bh4 e5 12. h3 Nh6 13. d5 Nf7 14. g4 Bh6 15. Qc2
Bf4 16. Bg3 Ng5 17. h4 Nxf3+ 18. Bxf3 g5 19. Ne2 a5 20. b3 Qe7 21. Nc1 b6 22.
Nd3 Bb7 23. Be2 c6 24. Bxf4 exf4 25. f3 Rac8 26. Qd2 cxd5 27. cxd5 Ba6 28. Nb2
Bxe2 29. Kxe2 Rc7 30. hxg5 fxg5 31. Rac1 Rfc8 32. Rxc7 Rxc7 33. Rc1 Ne5 1/2-1/2

[Event "Madrid-ch Semifinal B"]
[Site "Madrid ESP"]
[Date "2016.03.11"]
[Round "4.5"]
[White "Martinez Alvira, Santiago"]
[Black "Perez de Aranda, Leonardo Ivan"]
[Result "1/2-1/2"]
[WhiteElo "1947"]
[BlackElo "2082"]
[PlyCount "58"]
[EventDate "2016.03.03"]
[EventType "swiss"]
[EventRounds "9"]
[EventCountry "ESP"]
[Source "lmi"]
[SourceDate "2016.03.03"]

1. f4 g6 2. e4 Bg7 3. Nc3 c6 4. Bc4 b5 5. Bb3 b4 6. Na4 Nf6 7. d3 O-O 8. Nf3 d6
9. O-O Nbd7 10. Qe1 a5 11. a3 Nb6 12. axb4 axb4 13. Qxb4 c5 14. Qxb6 Qxb6 15.
Nxb6 Rxa1 16. e5 Nd7 17. Nxc8 Rxc8 18. e6 Nf8 19. exf7+ Kh8 20. c3 e6 21. g4
Rb8 22. Bc2 Rb7 23. Nd2 Rxf7 24. Ne4 Rd7 25. h4 Rd8 26. Kf2 d5 27. Nxc5 Bxc3
28. Nb3 Ra2 29. Bb1 Rxb2+ 1/2-1/2

[Event "Madrid-ch Semifinal B"]
[Site "Madrid ESP"]
[Date "2016.03.11"]
[Round "4.6"]
[White "Gonzalez Rivera, Eduardo"]
[Black "Aguilera Lopez, Alejandro"]
[Result "1/2-1/2"]
[WhiteElo "2047"]
[BlackElo "2044"]
[PlyCount "88"]
[EventDate "2016.03.03"]
[EventType "swiss"]
[EventRounds "9"]
[EventCountry "ESP"]
[Source "lmi"]
[SourceDate "2016.03.03"]

1. e4 c5 2. Nf3 e6 3. d4 cxd4 4. Nxd4 Nf6 5. Nc3 Nc6 6. g3 Bb4 7. Bg2 Qa5 8.
Nde2 d5 9. exd5 exd5 10. O-O O-O 11. Nxd5 Nxd5 12. Qxd5 Bc5 13. Bd2 Qb6 14. Bc3
Be6 15. Qg5 f6 16. Qh5 Rae8 17. Nf4 Bf7 18. Bd5 Ne5 19. Bxf7+ Rxf7 20. Bxe5
Rxe5 21. Qf3 Re8 22. Nd3 Bf8 23. Rfe1 Rc8 24. Re2 Qd4 25. Rae1 Rfc7 26. c3 Qd7
27. Nf4 b5 28. Ne6 Rb7 29. Nxf8 Kxf8 30. Qh5 g6 31. Qh6+ Kg8 32. Qf4 Kg7 33.
Re6 Qf7 34. Qe4 Rcc7 35. h4 a5 36. g4 Rc4 37. Qe2 h5 38. g5 Rg4+ 39. Kf1 fxg5
40. Qe5+ Kh6 41. Re8 Qc4+ 42. Re2 Rh7 43. Qd6 Rxh4 44. Qf8+ Rg7 1/2-1/2

[Event "Madrid-ch Semifinal B"]
[Site "Madrid ESP"]
[Date "2016.03.11"]
[Round "4.7"]
[White "Leniz Martinez, Francisco"]
[Black "Vukotic Jovsic, Dragan"]
[Result "0-1"]
[WhiteElo "1698"]
[BlackElo "1977"]
[PlyCount "120"]
[EventDate "2016.03.03"]
[EventType "swiss"]
[EventRounds "9"]
[EventCountry "ESP"]
[Source "lmi"]
[SourceDate "2016.03.03"]

1. d4 Nf6 2. c4 e6 3. Nf3 d5 4. cxd5 exd5 5. Bg5 Be7 6. e3 O-O 7. Bd3 Ne4 8.
Bxe7 Qxe7 9. O-O Bg4 10. h3 Bh5 11. Be2 c6 12. Ne5 Bxe2 13. Qxe2 Nd7 14. Nxd7
Qxd7 15. Nd2 f5 16. Nf3 Rae8 17. Qc2 g5 18. Ne5 Qg7 19. Qd1 Rf6 20. Rc1 Kh8 21.
Rc2 Rg8 22. f3 Ng3 23. Rff2 h5 24. a4 g4 25. Kh2 gxh3 26. gxh3 f4 27. exf4 Rxf4
28. Rg2 h4 29. b4 a6 30. Qd3 Rf6 31. Rb2 Qg5 32. Rbc2 Qf4 33. Kg1 Rg5 34. b5
Rxe5 35. dxe5 Qxe5 36. Rc1 Qf4 37. Re1 Qxa4 38. bxa6 bxa6 39. Qe3 Qf4 40. Qxf4
Rxf4 41. Rf2 Rf6 42. Kg2 Kg7 43. Ra1 Nf5 44. Rxa6 Ne3+ 45. Kh2 d4 46. Ra5 d3
47. Kh1 Rd6 48. Rd2 Nc4 49. Ra7+ Kf6 50. Rd1 Ne3 51. Rd2 c5 52. Rh7 Kg5 53. f4+
Kxf4 54. Rxh4+ Kf3 55. Rh8 c4 56. Rf8+ Ke4 57. Rh8 c3 58. Rh4+ Kf3 59. Ra2 c2
60. Ra1 d2 0-1

[Event "Madrid-ch Semifinal B"]
[Site "Madrid ESP"]
[Date "2016.03.11"]
[Round "4.8"]
[White "Molina Garcia, Francisco Javier"]
[Black "Estevez Sacristan, Deva"]
[Result "1-0"]
[WhiteElo "1907"]
[BlackElo "1651"]
[PlyCount "87"]
[EventDate "2016.03.03"]
[EventType "swiss"]
[EventRounds "9"]
[EventCountry "ESP"]
[Source "lmi"]
[SourceDate "2016.03.03"]

1. d4 d5 2. c4 e6 3. Nc3 Nf6 4. cxd5 exd5 5. Bg5 Be7 6. e3 O-O 7. Bd3 Nbd7 8.
Nge2 c5 9. dxc5 Nxc5 10. Bc2 Be6 11. O-O Rc8 12. Nd4 Nfe4 13. Bxe7 Qxe7 14.
Nxe6 Nxc3 15. Bxh7+ Kxh7 16. Qh5+ Kg8 17. Ng5 Qxg5 18. Qxg5 Ne6 19. Qh5 g6 20.
Qe5 Na4 21. Rac1 Rcd8 22. Rfd1 Nb6 23. b3 Rfe8 24. Qg3 Rd7 25. h4 Kh7 26. a4 a5
27. Qf3 Ree7 28. h5 Re8 29. hxg6+ fxg6 30. Qe2 Ra8 31. Qb5 Rd6 32. e4 d4 33. e5
Rc6 34. Rxc6 bxc6 35. Qxb6 Nf4 36. Qb7+ Kh6 37. Qxa8 c5 38. Qh8+ Kg5 39. Qf6+
Kh6 40. Qxf4+ Kg7 41. Qf6+ Kg8 42. Rd3 c4 43. Rh3 g5 44. Rh8# 1-0

[Event "Madrid-ch Semifinal B"]
[Site "Madrid ESP"]
[Date "2016.03.11"]
[Round "4.9"]
[White "Zhou, Lulu"]
[Black "Cuellar Gutierrez, Raul"]
[Result "1/2-1/2"]
[WhiteElo "1522"]
[BlackElo "1803"]
[PlyCount "103"]
[EventDate "2016.03.03"]
[EventType "swiss"]
[EventRounds "9"]
[EventCountry "ESP"]
[Source "lmi"]
[SourceDate "2016.03.03"]

1. e4 e6 2. d4 d5 3. e5 c5 4. c3 Qb6 5. f4 Nc6 6. Nf3 cxd4 7. cxd4 Nge7 8. Bd3
Bd7 9. Bc2 Nb4 10. Nc3 Nxc2+ 11. Qxc2 Nf5 12. Qd2 Be7 13. O-O O-O 14. Kh1 Rac8
15. a3 Rc4 16. Rd1 Rfc8 17. Qf2 Qb3 18. Rd3 R4c7 19. Be3 Qc4 20. Rd2 Qa6 21. g4
Nxe3 22. Qxe3 b5 23. Rdd1 Qb7 24. Rac1 a5 25. g5 b4 26. axb4 Bxb4 27. Nd2 a4
28. Na2 Rxc1 29. Rxc1 Rxc1+ 30. Nxc1 Qc7 31. Nd3 Qa5 32. Nb1 Bf8 33. Qc1 Qb5
34. Qc2 g6 35. Nd2 Qa5 36. Nf2 Bb4 37. Nf3 a3 38. bxa3 Qxa3 39. Kg2 Kg7 40. Qd3
Qa4 41. Ng1 Bb5 42. Qh3 Bf8 43. Ng4 Qc2+ 44. Kg3 Bb4 45. Nf3 Qe2 46. Qg2 Be1+
47. Nxe1 Qxe1+ 48. Qf2 Qxf2+ 49. Kxf2 Bc4 50. Ke3 Bb3 51. Kd2 Bc4 52. Nh6
1/2-1/2

[Event "Madrid-ch Semifinal B"]
[Site "Madrid ESP"]
[Date "2016.03.12"]
[Round "5.1"]
[White "Ramos del Campo, Alexander"]
[Black "Pindado Campos, Raul"]
[Result "1/2-1/2"]
[WhiteElo "2091"]
[BlackElo "2035"]
[PlyCount "64"]
[EventDate "2016.03.03"]
[EventType "swiss"]
[EventRounds "9"]
[EventCountry "ESP"]
[Source "lmi"]
[SourceDate "2016.03.03"]

1. e4 c5 2. Nf3 Nc6 3. Bb5 e6 4. O-O d6 5. Re1 Bd7 6. d4 cxd4 7. Nxd4 Nf6 8.
Nc3 Be7 9. Be3 O-O 10. h3 a6 11. Bf1 b5 12. a3 Rc8 13. Nxc6 Bxc6 14. Bd3 Qc7
15. Qe2 Bb7 16. Bf4 Nd7 17. Rad1 Nc5 18. Qg4 Nxd3 19. Rxd3 Rfd8 20. e5 d5 21.
Bh6 g6 22. h4 d4 23. Rxd4 Rxd4 24. Qxd4 Rd8 25. Qf4 Qc6 26. f3 Qb6+ 27. Kh2 Qf2
28. Bg5 Qxe1 29. Bxe7 Rd2 30. Bg5 Rxc2 31. Qf6 Qf2 32. Qd8+ Kg7 1/2-1/2

[Event "Madrid-ch Semifinal B"]
[Site "Madrid ESP"]
[Date "2016.03.12"]
[Round "5.2"]
[White "Ocaña Lameiro, Oliver"]
[Black "Quispe Arteaga, Gabriel"]
[Result "1/2-1/2"]
[WhiteElo "1953"]
[BlackElo "2059"]
[PlyCount "84"]
[EventDate "2016.03.03"]
[EventType "swiss"]
[EventRounds "9"]
[EventCountry "ESP"]
[Source "lmi"]
[SourceDate "2016.03.03"]

1. Nf3 d5 2. c4 e6 3. d4 Nf6 4. g3 c5 5. Bg2 Nc6 6. O-O Be7 7. Nc3 dxc4 8. Qa4
O-O 9. dxc5 Bxc5 10. Qxc4 Bb6 11. Rd1 Qe7 12. Bf4 e5 13. Bg5 Be6 14. Qh4 h6 15.
Bxf6 Qxf6 16. Qxf6 gxf6 17. Ne4 Rfd8 18. Nxf6+ Kg7 19. Ne4 Rxd1+ 20. Rxd1 Rd8
21. Rxd8 Bxd8 22. a3 Be7 23. Nc3 f5 24. e4 fxe4 25. Nxe4 a6 26. Nc3 b5 27. b4
a5 28. bxa5 b4 29. axb4 Bxb4 30. Nd1 Bxa5 31. Ne3 Bc7 32. Nh4 Nd4 33. h3 Bd8
34. Nf3 Nxf3+ 35. Bxf3 Bb6 36. Kg2 Kf6 37. Bg4 Bxe3 38. fxe3 Bxg4 39. hxg4 e4
40. Kh2 Kg6 41. Kg2 Kf6 42. Kh2 Kg6 1/2-1/2

[Event "Madrid-ch Semifinal B"]
[Site "Madrid ESP"]
[Date "2016.03.12"]
[Round "5.3"]
[White "Vallejo Nuño, Jorge"]
[Black "Rojas Pozo, Jose Luis"]
[Result "1-0"]
[WhiteElo "2126"]
[BlackElo "2017"]
[PlyCount "83"]
[EventDate "2016.03.03"]
[EventType "swiss"]
[EventRounds "9"]
[EventCountry "ESP"]
[Source "lmi"]
[SourceDate "2016.03.03"]

1. d4 d5 2. Bf4 c6 3. e3 Bf5 4. c4 e6 5. Qb3 Qc8 6. Nc3 Nf6 7. Rc1 dxc4 8. Bxc4
Nbd7 9. Nge2 a6 10. e4 Nxe4 11. Nxe4 Bxe4 12. Bxe6 Bg6 13. Bg4 Be7 14. O-O f5
15. Bf3 Bf7 16. Qe3 Nf6 17. Nc3 Qe6 18. Qd3 O-O 19. Rfe1 Qd7 20. Na4 Rae8 21.
Nb6 Qd8 22. Nc4 Bb4 23. Red1 Bd5 24. a3 Bxf3 25. Qxf3 Be7 26. Qb3 Nd5 27. Ne3
Qb6 28. Qa2 Rd8 29. Bc7 Qxc7 30. Nxd5 Rxd5 31. Qxd5+ Kh8 32. Qf3 Qb6 33. b4 a5
34. Re1 Bf6 35. Qxf5 axb4 36. axb4 Rd8 37. Qc5 Bxd4 38. Qxb6 Bxb6 39. Rcd1 Rb8
40. Rd7 Rf8 41. Rf7 Rb8 42. Rxb7 1-0

[Event "Madrid-ch Semifinal B"]
[Site "Madrid ESP"]
[Date "2016.03.12"]
[Round "5.4"]
[White "Cruz Gonzalez, Antonio"]
[Black "Ruiz Sanchez, Roberto"]
[Result "0-1"]
[WhiteElo "1709"]
[BlackElo "1982"]
[PlyCount "104"]
[EventDate "2016.03.03"]
[EventType "swiss"]
[EventRounds "9"]
[EventCountry "ESP"]
[Source "lmi"]
[SourceDate "2016.03.03"]

1. e4 c5 2. Nf3 d6 3. d4 cxd4 4. Nxd4 Nf6 5. Nc3 a6 6. Bc4 e6 7. Bb3 Nbd7 8.
O-O Nc5 9. f3 Be7 10. Be3 O-O 11. Qd2 Qc7 12. Nde2 Rd8 13. Rad1 b5 14. a3 Bb7
15. Ba2 Rac8 16. Nf4 Bc6 17. b4 Ncd7 18. Qf2 Bb7 19. Nfe2 Re8 20. Rd2 Ne5 21.
Bb6 Qc6 22. Bd4 Nc4 23. Bxc4 Qxc4 24. e5 Nd5 25. Nxd5 Bxd5 26. c3 dxe5 27. Bxe5
f6 28. Bd4 e5 29. Be3 Bc6 30. Ra1 Red8 31. f4 Rxd2 32. Bxd2 Rd8 33. Be1 exf4
34. Nxf4 Qb3 35. Qe2 Rd7 36. Qe6+ Qxe6 37. Nxe6 Bd6 38. Nd4 Bd5 39. a4 Bc4 40.
axb5 axb5 41. Rd1 Be5 42. g3 Kf7 43. Kf2 Ra7 44. Nf3 Ra2+ 45. Rd2 Bxc3 46. Rxa2
Bxe1+ 47. Nxe1 Bxa2 48. Nd3 Ke6 49. Nf4+ Ke5 50. Ke3 Bc4 51. h4 g6 52. g4 Bf1
0-1

[Event "Madrid-ch Semifinal B"]
[Site "Madrid ESP"]
[Date "2016.03.12"]
[Round "5.5"]
[White "Perez de Aranda, Leonardo Ivan"]
[Black "Molina Garcia, Francisco Javier"]
[Result "1-0"]
[WhiteElo "2082"]
[BlackElo "1907"]
[PlyCount "61"]
[EventDate "2016.03.03"]
[EventType "swiss"]
[EventRounds "9"]
[EventCountry "ESP"]
[Source "lmi"]
[SourceDate "2016.03.03"]

1. e4 e6 2. d4 d5 3. exd5 exd5 4. Nf3 Nf6 5. Bg5 Bg4 6. c4 Bb4+ 7. Nc3 O-O 8.
Be2 dxc4 9. O-O Bxc3 10. bxc3 b5 11. h3 Bh5 12. Ne5 Bxe2 13. Qxe2 Qd6 14. a4 c6
15. axb5 cxb5 16. Bxf6 gxf6 17. Ng4 Nd7 18. Nh6+ Kh8 19. Qh5 Qf4 20. Nxf7+ Kg7
21. g3 Qd2 22. Nd6 Qg5 23. Qxg5+ fxg5 24. Nxb5 Rf3 25. Kg2 Rd3 26. Nc7 Rc8 27.
Rxa7 Kg6 28. Re1 Rf8 29. Ne6 Rf7 30. Rxd7 Rxd7 31. Nf8+ 1-0